[Event "JAM-ch"]
[Site "Kingston"]
[Date "2014.04.27"]
[Round "3"]
[White "Smith, Shreyas"]
[Black "Brooks, Paul"]
[Result "0-1"]
[WhiteElo "1944"]
[BlackElo "1959"]
[PlyCount "72"]
[EventDate "2014.04.25"]
[EventType "tourn"]
[EventRounds "11"]
[EventCountry "JAM"]
[SourceTitle "CBM 160 Extra"]
[Source "ChessBase"]
[SourceDate "2014.07.01"]
[SourceVersion "1"]
[SourceVersionDate "2014.07.01"]
[SourceQuality "1"]

1. e4 e5 2. Nf3 Nf6 3. Nxe5 d6 4. Nf3 Nxe4 5. Nc3 Nxc3 6. dxc3 Nc6 7. Be3 Be6 8. Qd2 Qd7 9. 0-0-0 a6 10. Kb1 0-0-0 11. c4 Ne5 12. Nxe5 dxe5 13. Bd3 Be7 14. Qc3 Bf6 15. Qb4 e4 16. Be2 Qc6 17. c3 Rxd1+ 18. Rxd1 Rd8 19. Bd4 Bf5 20. Ka1 b6 21. a4 a5 22. Qb5 Qxb5 23. axb5 Bxd4 24. cxd4 Re8 25. b4 axb4 26. Kb2 e3 27. f3 Kb7 28. Ra1 Rd8 29. d5 Kc8 30. Kb3 Kd7 31. Kxb4 Kd6 32. Ra7 Rd7 33. g4 Bg6 34. f4 c5+ 35. bxc6 Rxa7 36. f5 Bxf5 0-1

[Event "JAM-ch"]
[Site "Kingston"]
[Date "2011.07.22"]
[Round "5"]
[White "Brooks, Paul"]
[Black "Thomas, Peter"]
[Result "0-1"]
[WhiteElo "1928"]
[BlackElo "1991"]
[PlyCount "78"]
[EventDate "2011.07.15"]
[EventType "tourn"]
[EventRounds "11"]
[EventCountry "JAM"]
[SourceTitle "EXT 2012"]
[Source "ChessBase"]
[SourceDate "2011.11.24"]
[SourceVersion "1"]
[SourceVersionDate "2011.11.24"]
[SourceQuality "1"]

1. d4 g6 2. Nf3 Bg7 3. Nbd2 Nf6 4. e4 d6 5. Bd3 0-0 6. 0-0 Nbd7 7. Re1 e5 8. c3 Re8 9. Nf1 d5 10. dxe5 dxe4 11. Bxe4 Nxe4 12. Rxe4 Nxe5 13. Rxe5 Bxe5 14. Qxd8 Rxd8 15. Nxe5 f6 16. Nc4 Be6 17. Nce3 Rd3 18. f3 Kf7 19. Kf2 Rad8 20. Nc2 c5 21. Be3 b6 22. Re1 R8d7 23. Ra1 h5 24. h4 a5 25. Ke1 a4 26. Na3 Rd8 27. Ke2 R3d7 28. Nd2 Bf5 29. Ne4 Re7 30. Nc4 Bxe4 31. fxe4 Rxe4 32. Nxb6 Rde8 33. Nd5 Rxh4 34. Kf3 Re5 35. Rd1 Rf5+ 36. Kg3 Rg4+ 37. Kh2 Re4 38. Bxc5 Re2 39. Ne3 Rxc5 0-1